|
|
|
|
| LEADER |
00000nam2a2200000 4500 |
| 001 |
270787 |
| 005 |
20231031225124.0 |
| 035 |
|
|
|a (RuTPU)RU\TPU\book\293968
|
| 090 |
|
|
|a 270787
|
| 100 |
|
|
|a 20141001d1986 k y0rusy5003 ca
|
| 101 |
0 |
|
|a rus
|
| 102 |
|
|
|a RU
|
| 105 |
|
|
|a y z 001zy
|
| 200 |
0 |
|
|a Вып. 28
|
| 210 |
|
|
|d 1986
|
| 215 |
|
|
|a 176 с.
|
| 320 |
|
|
|a Библиография в конце статей
|
| 461 |
|
1 |
|0 (RuTPU)RU\TPU\book\244465
|t Семиотика и информатика
|o сборник научных статей
|f Академия наук СССР (АН СССР), Всесоюзный институт научной и технической информации (ВИНИТИ)
|v Вып. 28
|d 1971-1986
|
| 606 |
1 |
|
|a Информатика
|2 stltpush
|3 (RuTPU)RU\TPU\subj\36202
|
| 610 |
1 |
|
|a семиотика
|
| 610 |
1 |
|
|a семантика
|
| 610 |
1 |
|
|a языковая коммуникация
|
| 610 |
1 |
|
|a универсальные языки
|
| 610 |
1 |
|
|a экспертные системы
|
| 610 |
1 |
|
|a лексические средства
|
| 610 |
1 |
|
|a логические средства
|
| 675 |
|
|
|a 681.3.01
|v 3
|
| 801 |
|
0 |
|a RU
|b RuMRKP
|c 19950417
|g psbo
|
| 801 |
|
1 |
|a RU
|b 63413507
|c 20141001
|
| 801 |
|
2 |
|a RU
|b 63413507
|c 20170307
|g RCR
|
| 942 |
|
|
|c BK
|